Παράγοντες υιοθέτησης τεχνολογιών επιχειρηματικής ευφυΐας – επιχειρηματικής αναλυτικής από τις Ελληνικές επιχειρήσεις = Factors affecting adoption of business intelligence - business analytics technologies by the Greek firms

Η παρούσα ερευνητική διπλωματική εργασία μελετά παράγοντες όπως την ανάπτυξη βασικών υποδομών ΤΠΕ (Infrastructure Sophistication), τη χρήση μέσων κοινωνικής δικτύωσης (Social Media), το μέγεθος της επιχείρησης, το ποσοστό του εξειδικευμένου προσωπικού ΤΠΕ (ICT Personnel), το ποσοστό του προσωπικού π...

Full description

Saved in:
Bibliographic Details
Main Author: Χατζηαναστασιάδης, Μιχαήλ - Μάριος
Corporate Author: Πανεπιστήμιο Αιγαίου. Σχολή Θετικών Επιστημών. Τμήμα Μηχανικών Πληροφοριακών και Επικοινωνιακών Συστημάτων
Format: Thesis Book
Language:Greek
Published: 2016.
Subjects:
Online Access:http://hdl.handle.net/11610/17112
Tags: Add Tag
No Tags, Be the first to tag this record!

MARC

LEADER 00000cam a2200000 a 4500
001 1/112496
008 161206s2016####gr | ||| |||| ||gre||
040 |a GR-MyUa  |b gre  |c GR-MyUa  |e AACR2 
041 0 |a gre 
082 7 |a 658.472   |2 (23)  
100 1 |a Χατζηαναστασιάδης, Μιχαήλ - Μάριος. 
245 1 0 |a Παράγοντες υιοθέτησης τεχνολογιών επιχειρηματικής ευφυΐας – επιχειρηματικής αναλυτικής από τις Ελληνικές επιχειρήσεις =   |b Factors affecting adoption of business intelligence - business analytics technologies by the Greek firms /   |c Μιχαήλ Μάριος Χατζηαναστασιάδης ; επιβλέπων καθηγητής Ευριπίδης Λουκής.  
246 1 |i Παράλληλος τίτλος :   |a Factors affecting adoption of business intelligence - business analytics technologies by the Greek firms 
260 |c 2016.  
300 |a iii, 61 σ. :   |b πιν ;   |c 30 εκ.  
500 |a Μέλη της εξεταστικής επιτροπής: Λουκής Ευριπίδης, Χαραλαμπίδης Γιάννης, Μαραγκουδάκης Μανώλης. 
502 |a Πτυχιακή εργασία - Πανεπιστήμιο Αιγαίου, Σάμος, 2016.  
504 |a Βιβλιογραφία: σ. 31-34.  
506 1 |a Διάθεση πλήρους κειμένου ;   |d Ενδοπανεπιστημιακή δημοσίευση.  
520 8 |a Η παρούσα ερευνητική διπλωματική εργασία μελετά παράγοντες όπως την ανάπτυξη βασικών υποδομών ΤΠΕ (Infrastructure Sophistication), τη χρήση μέσων κοινωνικής δικτύωσης (Social Media), το μέγεθος της επιχείρησης, το ποσοστό του εξειδικευμένου προσωπικού ΤΠΕ (ICT Personnel), το ποσοστό του προσωπικού που χρησιμοποιούν PC, Terminal, ή Laptop συνδεδεμένα με το Intranet της επιχείρησης, τις επιχειρησιακές ικανότητες όσον αφορά Development και Relational Capabilities και τις πτυχές του ανταγωνισμού (Price/Non-Price Competition), ως παράγοντες υιοθέτησης συστημάτων Επιχειρηματικής Ευφυΐας και Επιχειρηματικής Αναλυτικής (BI/BA). Η έρευνα βασίστηκε σε δεδομένα 206 ελληνικών επιχειρήσεων από όλους τους κλάδους της ελληνικής οικονομίας. Αξιοποιώντας το ερευνητικό θεωρητικό πλαίσιο Τεχνολογία – Οργάνωση – Περιβάλλον (ΤΟΕ) και κάνοντας χρήση μοντέλων δυαδικών λογιστικών παλινδρομήσεων προέκυψε ότι οι κυριότεροι παράγοντες υιοθέτησης BI/BA συστημάτων είναι οι αναπτυγμένες υποδομές ΤΠΕ και Social Media, οι οποίοι δημιουργούν ένα μεγάλο όγκο δεδομένων που μπορεί να αποτελέσει βάση των BI/BA συστημάτων. Επίσης, η πρόσβαση του προσωπικού των επιχειρήσεων στο εσωτερικό δίκτυο Intranet (πρόσβαση στα επιχειρησιακά δεδομένα), οι δυνατότητες ανάπτυξης λογισμικού και δημιουργίας συνεργατικών σχέσεων με τους χρήστες και τους προμηθευτές πληροφορικής είναι σημαντικοί παράγοντες υιοθέτησης BI/BA συστημάτων. Τέλος, οι παράγοντες του περιβάλλοντος των επιχειρήσεων που μελετήθηκαν δείχνουν να μην αποτελούν παράγοντα υιοθέτησης BI/BA συστημάτων. 
520 8 |a This research thesis examines factors, such as the development of basic ICT infrastructures (Infrastructure Sophistication), the use of social media (Social Media), the firm size, the percentage of qualified ICT personnel (ICT Personnel), the percentage of employees who use PCs, Terminals, or Laptops that are connected to the Intranet of the company, the operational capacities for Development and Relational Capabilities and aspects of firm (Price/Non-Price competition), as adoption factors of business intelligence and business analytic systems (BI/BA). The research is based on a dataset of 206 Greek firms from every sector in the greek economy. Using Technology - Organization - Environment (TOE) as our theoretical framework and estimating binary logistic regressions models, we observe that the most important BI / BA systems adoption factors are the developed ICT infrastructures and Social Media, which generate a large amount of data that could be the basis of the BI/BA systems. Also, the accessibility of the employees within the Intranet (access to operational data), the software development capabilities and creating collaborative relationships with users and IT suppliers are important BI/BA systems adoption factors, too. Finally, the factors of business environment does not seem to be a significant adoption factor of BI/BA systems. 
540 |a Κλειδωμένη η δυνατότητα αντιγραφής (copy) κειμένου.  
650 0 |a Business intelligence. 
650 0 |a Business enterprises  |x Technological innovations. 
650 0 |a Dissertations, Academic  |z Greece. 
700 1 |a Λουκής, Ευριπίδης,  |e dgs 
710 2 |a Πανεπιστήμιο Αιγαίου.   |b Σχολή Θετικών Επιστημών.   |b Τμήμα Μηχανικών Πληροφοριακών και Επικοινωνιακών Συστημάτων. 
852 |a INST  |b SAMOS  |c DIATR  |e 20161206  |h 658.472 ΧΑΤ  |p 005300044015  |q 005300044015  |t DIE  |y 23 
856 |u http://hdl.handle.net/11610/17112 
924 |a Χατζηαναστασιάδης  |b Μιχαήλ Μάριος  |y Σάμος  |z 2016-11 
970 |a Κοσιέρης  |b Χρήστος  |z 06-12-2016